000 01431nam a2200337Ia 4500
001 ebr10318492
003 CaPaEBR
006 m u
007 cr cn|||||||||
008 981110s1999 maua sb 000 0 eng d
020 _z0674026438
020 _z0674026462
020 _z9780674026469
040 _aCaPaEBR
_cCaPaEBR
035 _a(OCoLC)646814865
050 1 4 _aJK2260
_b.A54 1999eb
245 0 4 _aThe American party battle
_h[electronic resource] :
_belection campaign pamphlets, 1828-1876.
_n1854-1876 /
_cedited and with an introduction by Joel H. Silbey.
260 _aCambridge, Mass. :
_bHarvard University Press,
_c1999.
300 _axxiv, 272 p. :
_bill.
490 1 _aThe John Harvard library
504 _aIncludes bibliographical references.
533 _aElectronic reproduction.
_bPalo Alto, Calif. :
_cebrary,
_d2009.
_nAvailable via World Wide Web.
_nAccess may be limited to ebrary affiliated libraries.
650 0 _aPolitical parties
_zUnited States
_xHistory
_y19th century.
650 0 _aCampaign literature
_zUnited States
_xHistory
_y19th century.
651 0 _aUnited States
_xPolitics and government
_y19th century.
655 7 _aElectronic books.
_2local
700 1 _aSilbey, Joel H.
710 2 _aebrary, Inc.
830 0 _aJohn Harvard library.
856 4 0 _uhttp://site.ebrary.com/lib/rucke/Doc?id=10318492
_zAn electronic book accessible through the World Wide Web; click to view
999 _c168740
_d168740